Gigantické devizové rezervy rozhodně neleží ladem
Snáď pre nikoho z finančnej oblasti nie je prekvapením, že Česká národná banka dnes disponuje doslova gigantickými devízovými rezervami, ktoré dosahujú hodnotu 3,16 bilióna korún, teda takmer 50 percent HDP v roku 2022. Ako s týmito rezervami centrálna banka zaobchádza a ako si v ich držbe stojíme v...
Salvato in:
| Autore principale: | |
|---|---|
| Natura: | Capitolo di libro |
| Lingua: | ceco |
| Soggetti: | |
| Tags: |
Nessun Tag, puoi essere il primo ad aggiungerne!!
|
MARC
| LEADER | 00000naa a2200000 4500 | ||
|---|---|---|---|
| 001 | 0298937 | ||
| 005 | 20240417075301.8 | ||
| 041 | 0 | |a cze | |
| 044 | |a CZ | ||
| 245 | 1 | 0 | |a Gigantické devizové rezervy rozhodně neleží ladem |c Martina Sobková |
| 520 | |a Snáď pre nikoho z finančnej oblasti nie je prekvapením, že Česká národná banka dnes disponuje doslova gigantickými devízovými rezervami, ktoré dosahujú hodnotu 3,16 bilióna korún, teda takmer 50 percent HDP v roku 2022. Ako s týmito rezervami centrálna banka zaobchádza a ako si v ich držbe stojíme v porovnaní s inými krajinami? | ||
| 610 | 2 | 0 | |a bankovníctvo |
| 610 | 2 | 0 | |a rezervy devízové |
| 610 | 2 | 0 | |a banky centrálne |
| 610 | 2 | 0 | |a produkt domáci hrubý |
| 610 | 2 | 0 | |a porovnanie medzinárodné |
| 610 | 2 | 0 | |a politika menová |
| 610 | 2 | 0 | |a Medzinárodný menový fond |
| 610 | 2 | 0 | |a Česko |
| 100 | 1 | |a Sobková, Martina | |